Paroles Madeleine - Jacques Brel - Statistiques

Statistiques générales
  • Ce quiz a été pris 251 fois
  • Le résultat moyen est 363 sur 414
Statistiques - réponses
Réponse % Correct
J'
100%
A
99%
C'
99%
D'
99%
Ma
99%
Madeleine
99%
Madeleine,
99%
S'
99%
T'
99%
Ce
98%
Elle
98%
Ai
97%
Soir
97%
Soir,
97%
Aime
96%
Aime"
96%
Ca
96%
Le
96%
Bien
95%
Attends
93%
Des
93%
Est
93%
Est-
93%
Me
93%
Tout
93%
Toute
93%
Je
92%
"Je
92%
Les
92%
Moi
92%
Mon
92%
N'
92%
On
92%
Pour
92%
Ira
91%
Trop
91%
Qu'
90%
Son
90%
Vie
90%
Au
89%
Comme
89%
Pas
89%
Cinéma
88%
Dit
88%
En
88%
Lui
88%
Dirai
87%
Là,
87%
87%
La
87%
Lila
87%
Lilas
87%
Cousin
86%
Du
86%
Semaine
85%
Tant
85%
Toutes
84%
Amérique
83%
Mais
83%
Eugène
82%
Semaines
82%
Tard
82%
Chez
81%
Frites
81%
Jolie
81%
Ne
81%
Tellement
81%
Manger
80%
Viendra
80%
Apporté
79%
Apporte
79%
Et
79%
Même
79%
Mes
79%
Prendra
79%
Arrive
78%
Dirais
78%
Que
78%
Qui
78%
Tram
76%
Tram 33
76%
Aimera
74%
Va
73%
Attendais
72%
Il
72%
Si
72%
Attendrai
71%
Sur
68%
Sûr
68%
Gaspard
66%
J'ai
64%
Reste
64%
Pleut
63%
Gaston
62%
Jeté
62%
Demain,
61%
Avec
60%
Jetés
59%
Joël
59%
Noël
56%
Pis
56%
Dernier
55%
Dire
54%
Fermer
47%
Horizon
47%
Fichu
41%
Apporterai
39%
Pourtant
38%
Pourrai
37%
Espoir
34%
Doit
32%
Rapporterai
22%
Tiens
22%
Aucun quiz correspondant
Distribution des résultats
% des personnes avec chaque résultat
Percentile par nombre de réponses
Votre historique - résultats
Vous n’avez pas pris ce quiz